000 00891nam a2200289 4500
003 EG-GICUC
005 20260306120219.0
008 260306s1918 -us||||fr|||| 00| 0 eng d
040 _aEG-GiCUC
_beng
_cEG-GiCUC
_dEG-GiCUC
_erda
041 0 _aeng
082 0 4 _221
_a341.6
_bHU . L
092 0 4 _221
099 _aLaw1 11 341.6 HU . L 1918
100 1 _aHuberich, Charles Henry
_eAuthor.
245 1 4 _aThe law :
_bRelated to trading with the enemy /
_cCharles Henry Huberich.
264 1 _aNew York :
_bBaker, Voorhis,
_c1918.
300 _a485 pages ;
_c24 cm
336 _2rda content
_atext
337 _2rda media
_aComputer
338 _2rda carrier
_aOnline Resource
500 _aIncludes index.
546 _aText in English
650 1 4 _aPublic international law
856 4 0 _uhttps://fll.law.cu.edu.eg/fulltext/bks/B11-08733.pdf
905 _a30
942 _2ddc
_cBK
_e21
_n0
999 _c65214
_d65214